Missing Word: Best-Sellers of the 1960s Quiz Stats

 Plays Quiz Updated Jan 14, 2013

Support Sporcle.
Go Orange.
Score 0/20 Timer 03:00
1 Play Today
Book Missing % Correct
To ___ a MockingbirdKill
99.7%
You Only Live ___Twice
90.6%
Rosemary's ___Baby
88.2%
Tropic of ____Cancer
83.7%
The ___ of BabelTower
74.4%
Valley of the ___Dolls
72.3%
The Andromeda ___Strain
68.8%
The ___ Who Came in from the ColdSpy
56.1%
The ___ and the EcstasyAgony
55.8%
The ___ of Our DiscontentWinter
52.3%
Book Missing % Correct
Portnoy's ___Complaint
41.9%
Up the Down ___Staircase
41.7%
___ BreckinridgeMyra
35.6%
Advise and ___Consent
33.7%
The ___ PebblesSand
30.3%
___ and ZooeyFranny
27%
Tai-___Pan
16.7%
The ___ on the StrandHouse
10.9%
The ___ of Nat TurnerConfessions
8.9%
___ Came the StrangerNaked
6.1%

Today's Daily Dose

Missing Word
'80s Musicals

Word Ladder
Hereditary

Get the Picture
Food Names

From the Vault

Images That Rhyme with 'BLED'

by sproutcm

We're really glad 'bled' is in the title and not in the quiz.
Remove Ads.
Support Sporcle.
Get the best of Sporcle when you Go Orange. This ad-free experience offers more features, more stats, and more fun while also helping to support Sporcle. Thank you for becoming a member.

Show Comments

Extras

Top Quizzes Today


Score Distribution

Your Account Isn't Verified!

In order to create a playlist on Sporcle, you need to verify the email address you used during registration. Go to your Sporcle Settings to finish the process.

Report this User

Report this user for behavior that violates our Community Guidelines.

Details: